000 00265nmm a2200097Ia 4500
008 220120s9999||||xx |||||||||||||||||und||
020 _a0-07-052929
100 _aCHIP magazine
245 0 _aChi-Dec : Power tools pack, 160 and full applications, auto
260 _c2011
999 _c139711
_d139711